United Kingdom national accounts (Record no. 103711)
[ view plain ]
| 000 -LEADER | |
|---|---|
| fixed length control field | 01435cam a2200301 4500 |
| 001 - CONTROL NUMBER | |
| control field | L127178 |
| 008 - FIXED-LENGTH DATA ELEMENTS--GENERAL INFORMATION | |
| fixed length control field | 000000n2004 000 0 eng u |
| 020 ## - INTERNATIONAL STANDARD BOOK NUMBER | |
| International Standard Book Number | 0116217367 |
| 022 ## - INTERNATIONAL STANDARD SERIAL NUMBER | |
| International Standard Serial Number | 0267-8691 |
| 035 ## - SYSTEM CONTROL NUMBER | |
| System control number | (Sirsi) u127178 |
| 041 ## - LANGUAGE CODE | |
| Language code of text/sound track or separate title | eng |
| 050 ## - LIBRARY OF CONGRESS CALL NUMBER | |
| Classification number | 339.3 |
| -- | 18 |
| 110 ## - MAIN ENTRY--CORPORATE NAME | |
| Corporate name or jurisdiction name as entry element | Office for National Statistics |
| 9 (RLIN) | 2210 |
| 240 ## - UNIFORM TITLE | |
| Uniform title | The blue book |
| 245 ## - TITLE STATEMENT | |
| Title | United Kingdom national accounts |
| Remainder of title | the Blue Book 2004 |
| 260 ## - PUBLICATION, DISTRIBUTION, ETC. | |
| Place of publication, distribution, etc. | London |
| Name of publisher, distributor, etc. | Stationery Office |
| Date of publication, distribution, etc. | 2004 |
| 350 ## - PRICE (NR) (BK AM CF MU VM SE) [OBSOLETE] | |
| Price | 41 |
| 490 ## - SERIES STATEMENT | |
| Series statement | ONS Blue Book |
| 520 ## - SUMMARY, ETC. | |
| Summary, etc. | The key annual publication for national accounts statistics, the "Blue Book" provides detailed estimates of national product, income and expenditure for the UK. Includes full accounts by sector (non-financial corporations, financial corporations, central and local government and households), capital formation and environmental accounts. Also includes gross value added output for real estate, renting and business activities in the UK broken down into letting of dwellings and other activities |
| 650 ## - SUBJECT ADDED ENTRY--TOPICAL TERM | |
| Topical term or geographic name entry element | UNITED KINGDOM |
| 690 ## - LOCAL SUBJECT ADDED ENTRY--TOPICAL TERM (OCLC, RLIN) | |
| Topical term or geographic name as entry element | BUILT ENVIRONMENT |
| 690 ## - LOCAL SUBJECT ADDED ENTRY--TOPICAL TERM (OCLC, RLIN) | |
| Topical term or geographic name as entry element | Environment |
| 9 (RLIN) | 6238 |
| 690 ## - LOCAL SUBJECT ADDED ENTRY--TOPICAL TERM (OCLC, RLIN) | |
| Topical term or geographic name as entry element | MANAGEMENT |
| 690 ## - LOCAL SUBJECT ADDED ENTRY--TOPICAL TERM (OCLC, RLIN) | |
| Topical term or geographic name as entry element | PROPERTY |
| 700 ## - ADDED ENTRY--PERSONAL NAME | |
| Personal name | Clegg, Richard |
| International Standard Serial Number | Editor |
| 856 ## - ELECTRONIC LOCATION AND ACCESS | |
| Uniform Resource Identifier | <a href="https://www.ons.gov.uk/ons/rel/naa1-rd/united-kingdom-national-accounts/2004-edition/united-kingdom-national-accounts---the-blue-book.pdf">https://www.ons.gov.uk/ons/rel/naa1-rd/united-kingdom-national-accounts/2004-edition/united-kingdom-national-accounts---the-blue-book.pdf</a> |
| Public note | View the item free of charge at www.ons.gov.uk... |
| 942 ## - ADDED ENTRY ELEMENTS (KOHA) | |
| Suppress in OPAC | 0 |
| Withdrawn status | Lost status | Source of classification or shelving scheme | Damaged status | Not for loan | Home library | Current library | Shelving location | Date acquired | Total Checkouts | Full call number | Barcode | Date last seen | Copy number | Price effective from | Koha item type |
|---|---|---|---|---|---|---|---|---|---|---|---|---|---|---|---|
| Dewey Decimal Classification | Virtual | Virtual | Online | 13/07/2005 | ONLINE PUBLICATION | 127178-2001 | 06/08/2019 | 1 | 06/08/2019 | Book |